UITU Library & LRC     

ALQuran-ul-Kareem (القران الکریم) (Record no. 18237)

MARC details
000 -LEADER
fixed length control field 00568nam a2200217Ia 4500
003 - CONTROL NUMBER IDENTIFIER
control field OSt
005 - DATE AND TIME OF LATEST TRANSACTION
control field 20241010054007.0
008 - FIXED-LENGTH DATA ELEMENTS--GENERAL INFORMATION
fixed length control field 240925s9999 xx 000 0 und d
020 ## - INTERNATIONAL STANDARD BOOK NUMBER
International Standard Book Number 9789692181662
040 ## - CATALOGING SOURCE
Transcribing agency sd
082 ## - DEWEY DECIMAL CLASSIFICATION NUMBER
Classification number 297.1225 MOU
100 ## - MAIN ENTRY--PERSONAL NAME
Personal name Moudode Syed Abulalla
245 #0 - TITLE STATEMENT
Title ALQuran-ul-Kareem (القران الکریم)
250 ## - EDITION STATEMENT
Edition statement NA
260 ## - PUBLICATION, DISTRIBUTION, ETC.
Place of publication, distribution, etc. Karachi:
Name of publisher, distributor, etc. Idara Tarjuman-ul-Quran (Pvt)
Date of publication, distribution, etc. 2022
300 ## - PHYSICAL DESCRIPTION
Extent 1280p.
Other physical details NA
Type of unit NA
500 ## - GENERAL NOTE
General note Includes Index
600 ## - SUBJECT ADDED ENTRY--PERSONAL NAME
Personal name Humanities & Natural Science
650 ## - SUBJECT ADDED ENTRY--TOPICAL TERM
Topical term or geographic name entry element Religion
942 ## - ADDED ENTRY ELEMENTS (KOHA)
Koha item type Books
Source of classification or shelving scheme Dewey Decimal Classification
Holdings
Withdrawn status Lost status Damaged status Not for loan Collection Home library Current library Date acquired Source of acquisition Cost, normal purchase price Total checkouts Full call number Barcode Date last seen Price effective from Koha item type
        Humanities & Basic Sciences UITU Library UITU Library 05/24/2023 A. R. Book Company 2500.00   297.1225 MOU Q15738 09/25/2024   Books

Powered by Koha